[Event "TCh-Eur Seniors"]
[Site "Dresden GER"]
[Date "2010.02.17"]
[Round "8"]
[White "Sorensen,B"]
[Black "White,A"]
[Result "1-0"]
[WhiteElo "2240"]
[BlackElo "2089"]

1.Nf3 d5 2.g3 Nf6 3.Bg2 b5 4.O-O e6 5.d3 Bb7 6.Nbd2 Be7 7.e4 dxe4 8.Ng5 Nbd7
9.Ngxe4 c6 10.a4 a6 11.Nb3 O-O 12.Bd2 b4 13.a5 Qc7 14.c3 Rfd8 15.cxb4 Ne5
16.d4 Nxe4 17.Bxe4 Nc4 18.Bf4 e5 19.Qc2 exf4 20.Qxc4 Rd6 21.Rac1 Rad8 22.d5 Bc8
23.Nd4 Bh3 24.Rfe1 Bf6 25.Nxc6 Rc8 26.Qxa6 g6 27.Qd3 Bxb2 28.Rb1 f5 29.Rxb2 fxe4
30.Qxe4 Rf8 31.a6 fxg3 32.hxg3 Rdf6 33.Qe7 Rxc6 34.dxc6  1-0

[Event "TCh-Eur Seniors"]
[Site "Dresden GER"]
[Date "2010.02.17"]
[Round "8"]
[White "Roos,H"]
[Black "Neese,H"]
[Result "0-1"]
[WhiteElo "2071"]
[BlackElo "2246"]

1.Nf3 d5 2.g3 Nf6 3.Bg2 c6 4.d3 h6 5.O-O Bf5 6.Nbd2 e6 7.Qe1 Be7 8.e4 Bh7
9.Ne5 O-O 10.f4 dxe4 11.dxe4 Nbd7 12.Nxd7 Qxd7 13.Qe2 Rad8 14.Nb3 b6 15.Bd2 c5
16.Bc3 Qa4 17.Rae1 Rd7 18.g4 Rfd8 19.h4 c4 20.Nc1 Bc5+ 21.Kh1 Bd4 22.b3 Qa3
23.Bxd4 Rxd4 24.f5 exf5 25.gxf5 Re8 26.Qe3 Qc5 27.Qf4 Qe5 28.Qxe5 Rxe5 29.Rd1 Rxd1
30.Rxd1 g6 31.bxc4 gxf5 32.Nd3 Ra5 33.exf5 Bxf5 34.Rf1 Kg7 35.Bc6 Bg6 36.a4 Be4+
37.Bxe4 Nxe4 38.Rf4 f5 39.c5 bxc5 40.Kg2 Kf6 41.Nb2 Ra6 42.Rf3 Rd6 43.Nc4 Rd4
44.Ne3 Nd6 45.h5 Kg5 46.Rg3+ Kxh5 47.Rg7 Rxa4 48.Nf1 Rg4+ 49.Ng3+ Kh4  0-1

[Event "TCh-Eur Seniors"]
[Site "Dresden GER"]
[Date "2010.02.17"]
[Round "8"]
[White "Ager,J"]
[Black "Goy,U"]
[Result "1/2-1/2"]
[WhiteElo "2223"]
[BlackElo "2232"]

1.Nf3 d5 2.g3 Nf6 3.Bg2 e6 4.c4 d4 5.e3 Nc6 6.exd4 Nxd4 7.Nxd4 Qxd4 8.d3 Bb4+
9.Bd2 Bxd2+ 10.Qxd2 O-O 11.Qc3 Rd8 12.Qxd4 Rxd4 13.Ke2 e5 14.Nc3 c6 15.Be4 Be6
16.b3 Rad8 17.Rad1 Nd7 18.Na4 f5 19.Bg2 Bf7 20.Rhe1 Bh5+ 21.Bf3  1/2-1/2

[Event "BSF 75th Ann."]
[Site "Bronshoj DEN"]
[Date "2010.02.18"]
[Round "6"]
[White "Danielsen,Hen"]
[Black "Hillarp Persson,T"]
[Result "1/2-1/2"]
[WhiteElo "2495"]
[BlackElo "2581"]

1.g3 d5 2.Nf3 c6 3.Bg2 Bg4 4.d4 Nd7 5.Nbd2 Ngf6 6.O-O e6 7.Re1 Be7 8.e4 O-O
9.c3 Bh5 10.e5 Ne8 11.h4 c5 12.Nb3 c4 13.Nbd2 b5 14.Nf1 b4 15.cxb4 Bxb4 16.Bg5 Qb6
17.Re3 h6 18.Bf4 Nc7 19.Bh3 Bxf3 20.Rxf3 Rfc8 21.Ne3 Bf8 22.b3 cxb3 23.axb3 Nb5
24.Nxd5 Qb7 25.Bxh6 Qxd5 26.Rf4 Nc3 27.Qg4 Nxe5 28.dxe5 Qxe5 29.Kh2 f5 30.Qg6 Nd5
31.Ra6 Ne7 32.Qg5 Kh7 33.Bxg7 Qxg7 34.Qh5+ Qh6 35.Qf7+ Qg7 36.Qxe6 Rc5 37.Bxf5+ Nxf5
38.Rxf5 Re8 39.Qxe8 Rxf5 40.Qe4 Qe5 41.Rxa7+ Kh6 42.Ra6+ Kh7 43.Qxe5 Rxe5
44.Ra2 Rb5 45.Rb2 Bg7 46.Rb1 Kg6 47.Kh3 Kf5 48.Kg2 Rb4 49.f3 Bc3 50.Kf2 Bd4+
51.Ke2 Bb6 52.Rb2 Bd4 53.Rb1 Bb6 54.Kf1 Bd4 55.Kg2 Bc3 56.Kh3 Bf6 57.Rc1 Rxb3
58.Rc5+ Kg6 59.h5+ Kg7 60.Kg4 Bd4 61.Rc7+ Kh6 62.Rc6+ Kh7 63.Rd6 Bf2 64.Rd2 Rb4+
65.f4 Be3 66.Rd3 Bc1 67.Rd5 Rb3 68.Rd1 Ba3 69.Rd7+ Kh6 70.Ra7 Bc5 71.Ra6+ Kh7
72.Rg6 Bf2 73.Kh3 Be1 74.Kg2 Rb2+ 75.Kf1 Bxg3 76.Rxg3 Kh6 77.Rh3  1/2-1/2

[Event "CMB Breizh Masters Men"]
[Site "Guingamp-Pabu FRA"]
[Date "2010.02.19"]
[Round "1"]
[White "Koziak,V"]
[Black "Jolly,J"]
[Result "1/2-1/2"]
[WhiteElo "2482"]
[BlackElo "2417"]

1.Nf3 d5 2.g3 Nf6 3.Bg2 Bg4 4.O-O Nbd7 5.c4 c6 6.cxd5 cxd5 7.Nc3 e6 8.d3 Be7
9.h3 Bxf3 10.Bxf3 O-O 11.Bg2 Rc8 12.e4 Nb6 13.e5 Nfd7 14.d4 Nc4 15.b3 Na3
16.Bb2 Qa5 17.Qd3 Rc6 18.Rac1 Rfc8 19.Nb1 Rxc1 20.Bxc1 Nxb1 21.Qxb1 Ba3 22.Be3 Qc3
23.Rd1 Nb8 24.Bf1 Qc2 25.Bd3 Qxb1 26.Bxb1 Na6 27.f4 Nb4 28.Kf2 b5 29.Ke2 g6
30.g4 a5 31.h4 a4 32.bxa4 bxa4 33.f5 Nc2 34.f6 Nxe3 35.Kxe3 Rc1 36.Rxc1 Bxc1+
37.Kd3 a3 38.Bc2  1/2-1/2

[Event "2nd MGU Open"]
[Site "Sofia BUL"]
[Date "2010.02.20"]
[Round "2"]
[White "Kolev,Vel"]
[Black "Vladimirova,M"]
[Result "1/2-1/2"]
[WhiteElo "1942"]
[BlackElo "2086"]

1.Nf3 d5 2.g3 c6 3.Bg2 Bg4 4.h3 Bxf3 5.Bxf3 Nf6 6.Bg2 h5 7.d3 e6 8.Bf4 Nbd7
9.c4 Bc5 10.O-O Qb6 11.Qb3 O-O 12.Nc3 Qxb3 13.axb3 Bb4 14.Na2 Be7 15.b4 a6
16.Bd2 Rfe8 17.Nc1 Nh7 18.Nb3 Rad8 19.Na5 Rb8 20.Bf4 e5 21.Bd2 Nhf6 22.Rfc1 Nb6
23.Rc2 Rec8 24.Rac1 Re8 25.Be3 Bd8 26.Bc5 Bc7 27.Be3 Bd8 28.Bc5 Bc7 29.Be3 Rec8
30.h4 Re8  1/2-1/2

[Event "18th Fajr Open"]
[Site "Mashhad IRI"]
[Date "2010.02.21"]
[Round "2"]
[White "Harutjunyan,G"]
[Black "Asgharzadeh,M reza"]
[Result "1-0"]
[WhiteElo "2475"]
[BlackElo "1984"]

1.Nf3 d5 2.g3 Nf6 3.Bg2 e6 4.b3 Be7 5.Bb2 O-O 6.O-O b6 7.d3 Bb7 8.Nbd2 Nbd7
9.Qe1 a5 10.a3 Nc5 11.Ne5 Bd6 12.e4 dxe4 13.dxe4 Nfd7 14.Nxd7 Nxd7 15.Nc4 Be7
16.Rd1 Qc8 17.f4 Rd8 18.Qe2 Nf6 19.g4 h6 20.Rxd8+ Qxd8 21.g5 hxg5 22.fxg5 Nd7
23.Qh5 Qe8 24.Kh1  1-0

[Event "18th Fajr Open"]
[Site "Mashhad IRI"]
[Date "2010.02.22"]
[Round "4"]
[White "Harutjunyan,G"]
[Black "Asnaashari,Soh"]
[Result "1-0"]
[WhiteElo "2475"]
[BlackElo "2102"]

1.Nf3 d5 2.g3 g6 3.Bg2 Bg7 4.d4 c6 5.O-O Nd7 6.c4 e6 7.Qc2 Ne7 8.Nbd2 O-O
9.e4 b6 10.b3 Bb7 11.Bb2 Rc8 12.Rfe1 Re8 13.Rad1 Qc7 14.Ne5 Red8 15.f4 c5
16.cxd5 exd5 17.Bh3 f5 18.exf5 cxd4 19.Qxc7 Rxc7 20.Nxd7 Rdxd7 21.fxg6 Rd8
22.gxh7+ Kxh7 23.Nf3 Bc8 24.Bxc8 Rdxc8 25.Bxd4 Bh6 26.Bf6 Ng8 27.Be5 Rd7  1-0

[Event "GMA"]
[Site "Nancy FRA"]
[Date "2010.02.23"]
[Round "3"]
[White "Pelletier,Y"]
[Black "Mullon,J"]
[Result "1-0"]
[WhiteElo "2602"]
[BlackElo "2458"]

1.Nf3 d5 2.g3 Nf6 3.Bg2 c6 4.O-O Bg4 5.c4 Nbd7 6.cxd5 cxd5 7.Nc3 e6 8.Qb3 Bxf3
9.Bxf3 Nc5 10.Qb5+ Qd7 11.d3 Be7 12.b4 Na6 13.a3 Rc8 14.Bb2 Nb8 15.Rac1 O-O
16.e4 dxe4 17.dxe4 a6 18.Qb6 Nc6 19.Rfd1 Qc7 20.Qxc7 Rxc7 21.Na4 Nd7 22.e5 Rd8
23.Kg2 Kf8 24.h4 Ke8 25.Rc2 Ndb8 26.Rxd8+ Kxd8 27.Be4 h6 28.Nb6 f5 29.Rd2+ Ke8
30.Bb1 Na7 31.Ba2 Kf7 32.h5 Nc8 33.Nc4 Nc6 34.Ne3 N6a7 35.Nxf5 Nb5 36.Bb3 Nb6
37.Ne3 Bg5 38.f4 Be7 39.f5 Nxa3 40.Bxe6+ Ke8 41.Bxa3 Rc3 42.Nc2  1-0

[Event "Reykjavik Open"]
[Site "Reykjavik ISL"]
[Date "2010.02.24"]
[Round "1"]
[White "Shulman,Y"]
[Black "Halldorsson,J"]
[Result "1-0"]
[WhiteElo "2624"]
[BlackElo "2189"]

1.Nf3 d5 2.g3 Nf6 3.Bg2 Bg4 4.c4 c6 5.cxd5 cxd5 6.Ne5 Be6 7.Nc3 Nc6 8.Nxc6 bxc6
9.Na4 Qa5 10.b3 c5 11.Bb2 Rc8 12.Rc1 d4 13.Qc2 Bd7 14.O-O e5 15.e3 Be7 16.exd4 cxd4
17.Qxc8+ Bxc8 18.Rxc8+ Bd8 19.Bc6+ Nd7 20.Ba3 f6 21.b4 Qa6 22.Bxd7+ Kf7 23.Bb2 Qb7
24.Be6+ Kg6 25.a3 Re8 26.Nc5 Qe7 27.Bd7 Rg8 28.Bc6 Rf8 29.Re1 Bb6 30.Rxf8 Qxf8
31.Rc1 Qd6 32.Be4+ f5 33.Nb7 Qd7 34.Bc6 Qe7 35.Bg2 e4 36.Rc6+ Kh5 37.Nd6 Qd7
38.b5 g5 39.h3 e3 40.Nxf5  1-0

[Event "ch-IND National Teams"]
[Site "Gurgaon IND"]
[Date "2010.02.25"]
[Round "6"]
[White "Jain Singhai,N"]
[Black "Singh,Ar"]
[Result "1-0"]
[WhiteElo "1966"]
[BlackElo "2156"]

1.Nf3 d5 2.g3 Nf6 3.Bg2 c6 4.d3 Bg4 5.Nbd2 Nbd7 6.d4 e6 7.O-O Bd6 8.Re1 O-O
9.e4 Nxe4 10.Nxe4 dxe4 11.Rxe4 Nf6 12.Bg5 Bf5 13.Re1 h6 14.Bxf6 Qxf6 15.Ne5 Rfd8
16.c3 Rab8 17.Qe2 Qe7 18.Nc4 Bc7 19.Rad1 Qg5 20.Ne3 Bg6 21.f4 Qa5 22.Nc4 Qb5
23.Ne5 Qxe2 24.Rxe2 Bh5 25.Bf3 Bxf3 26.Nxf3 Rd6 27.Nd2 Rbd8 28.Ne4 Rd5 29.Red2 Bb6
30.Kf1 f5 31.Nf2 c5 32.Re2 cxd4 33.c4 R5d6 34.Nd3 Bc7 35.c5 Rc6 36.b4 b5
37.a4 Rb8 38.a5 Rd8 39.Nc1 g5 40.Nb3 d3 41.Re3 gxf4 42.Rexd3 Rxd3 43.Rxd3 e5
44.gxf4 a6 45.fxe5 Bxe5 46.Nd4 Rg6 47.Nxf5 Rf6 48.Rf3 Kf8 49.Kg2 Ke8 50.Nd6+ Kd7
51.Rxf6 Bxf6 52.Ne4 Be5 53.h3 Kc6 54.Kf3 Kd5 55.Nf2 Kd4 56.Ke2 Bg3 57.Nd3 Kc4
58.Ke3 Bc7 59.Ke4 h5 60.c6 Bd6 61.Nc5 Kxb4 62.Nxa6+ Kxa5 63.c7 Bxc7 64.Nxc7 b4
65.Kd3 Kb6 66.Ne6 Kc6 67.Ng7 Kd5 68.Nxh5 Ke5 69.h4 Kf5 70.Ng3+ Kg4 71.h5 Kg5
72.Kc4 Kh6 73.Kxb4 Kg5 74.Kc5 Kh6 75.Kd6 Kh7 76.Ke6 Kg7 77.Kf5 Kh6 78.Kf6 Kh7
79.Kg5 Kg7 80.Nf5+ Kh7 81.h6 Kg8 82.Kg6 Kh8 83.Nd6  1-0

[Event "Reykjavik Open"]
[Site "Reykjavik ISL"]
[Date "2010.02.25"]
[Round "2"]
[White "Danielsen,Hen"]
[Black "Carstensen,J"]
[Result "1/2-1/2"]
[WhiteElo "2495"]
[BlackElo "2317"]

1.g3 d5 2.Nf3 c5 3.Bg2 Nc6 4.O-O e5 5.d3 Nf6 6.c4 dxc4 7.dxc4 Be7 8.Qxd8+ Bxd8
9.Nc3 Be6 10.b3 Rc8 11.Bb2 Nd7 12.Nd2 Be7 13.Bd5 Bh3 14.Rfd1 b6 15.Nf3 f6
16.Rd2 Ndb8 17.Rad1 Nb4 18.Bb7 Rc7 19.Be4 Rd7 20.Nh4 g6 21.Nd5 Nxd5 22.Bxd5 Kd8
23.f4 exf4 24.gxf4 Kc7 25.Nf3 Rhd8 26.Kf2 Bg4 27.Kg3 Bxf3 28.Kxf3 Nc6 29.e4 Rf8
30.h3 g5 31.Bxc6 Rxd2 32.Rxd2 Kxc6 33.Rd5 h5 34.Rf5 Kd7 35.h4 Ke6 36.fxg5 fxg5
37.hxg5 Rxf5+ 38.exf5+ Kxf5 39.g6 Kxg6 40.Be5 Kf5 41.Bc7 Ke6 42.Bb8 a6 43.a4 Kd7
44.Bg3 Bd6 45.Bh4 Bc7 46.Bf2 Bd6 47.Bh4 Be7 48.Bg3 Bd8 49.Bf2 a5 50.Be3 Ke6
51.Bf4 Kf5 52.Bh2 h4 53.Bb8 h3 54.Bg3 Bf6 55.Bc7 Bc3 56.Bxb6 h2 57.Kg2 Bb4
58.Kxh2 Ke4 59.Kg3 Kd4 60.Kf4 Kc3 61.Ke4 Kxb3 62.Kd5 Kxa4 63.Bd8 Kb3 64.Bxa5 Bxa5
65.Kxc5  1/2-1/2

[Event "XIII Open"]
[Site "Malaga ESP"]
[Date "2010.02.26"]
[Round "8"]
[White "Garcia Albarracin,J"]
[Black "Brown,Da"]
[Result "0-1"]
[WhiteElo "2006"]
[BlackElo "1918"]

1.Nf3 d5 2.g3 Nf6 3.Bg2 c6 4.O-O Bf5 5.d3 h6 6.b3 e6 7.Bb2 Be7 8.Nbd2 O-O
9.Re1 Bh7 10.e4 a5 11.h3 a4 12.Nh2 axb3 13.axb3 Rxa1 14.Qxa1 Nbd7 15.e5 Ne8
16.Qa7 Qb8 17.Ra1 Nc7 18.Qe3 b5 19.d4 b4 20.c4 bxc3 21.Bxc3 Nb5 22.Bb2 c5
23.Nhf3 cxd4 24.Nxd4 Bc5 25.N2f3 Nxd4 26.Bxd4 Bxd4 27.Qxd4 Qxb3 28.Ra7 Qb1+
29.Kh2 Qb5 30.g4 Be4 31.h4 Rd8 32.Ra1 Qd3 33.Qxd3 Bxd3 34.Ne1 Be2 35.Bf3 Bc4
36.g5 hxg5 37.hxg5 Nxe5 38.Bd1 Nd3 39.Ng2 Nxf2 40.g6 Nxd1 41.gxf7+ Kxf7  0-1

[Event "Reykjavik Open"]
[Site "Reykjavik ISL"]
[Date "2010.02.26"]
[Round "3"]
[White "Romanishin,O"]
[Black "Kuzubov,Y"]
[Result "1/2-1/2"]
[WhiteElo "2512"]
[BlackElo "2634"]

1.Nf3 d5 2.g3 Nf6 3.Bg2 c6 4.O-O Bf5 5.c4 e6 6.Qb3 Qb6 7.d3 Nbd7 8.Be3 Bc5
9.Bxc5 Nxc5 10.Qc3 O-O 11.b4 Ncd7 12.Nbd2 Rfe8 13.a4 a5 14.b5 c5 15.e3 e5
16.Qb3 d4 17.e4  1/2-1/2

[Event "Bundesliga 2009-10"]
[Site "Muelheim GER"]
[Date "2010.02.27"]
[Round "10"]
[White "Troyke,C"]
[Black "Siebrecht,S"]
[Result "0-1"]
[WhiteElo "2350"]
[BlackElo "2456"]

1.g3 d5 2.Nf3 c6 3.Bg2 Bg4 4.c4 e6 5.cxd5 exd5 6.O-O Nf6 7.d3 Be7 8.h3 Bc8
9.Nc3 d4 10.Ne4 O-O 11.Qa4 c5 12.Nxf6+ Bxf6 13.Bd2 Bd7 14.Qa3 Na6 15.Rac1 Re8
16.Rfe1 Bc6 17.e4 dxe3 18.Bxe3 Qb6 19.b3 Be7 20.Bd2 Bf8 21.Qb2 Nb4 22.Bxb4 Qxb4
23.Ne5 Bxg2 24.Kxg2 Rad8 25.Re4 Qb5 26.a4 Qa6 27.Qe2 f5 28.Re3 Qd6 29.f4 Qd5+
30.Kh2 Qxb3 31.d4 Qxa4 32.dxc5 Rd4 33.Rd3 Qa6 34.Qc2 Rxd3 35.Nxd3 Re3 36.Qb3+ Kh8
37.Qf7 Qf6 38.Qxf6 gxf6 39.Nb4 Re2+ 40.Kh1 a5 41.Nd5 Re6 42.Rb1 Bxc5 43.Rxb7 a4
44.Rc7 a3 45.Rxc5 Re1+ 46.Kg2 a2 47.Ra5 a1=Q 48.Rxa1 Rxa1 49.Nxf6 Ra2+ 50.Kf3 Rh2
51.Nd5 Rxh3 52.Kg2 Rh6 53.Ne3 Rf6 54.Kh3 Kg7 55.Kg2 Kg6 56.Kf3 Ra6 57.Kf2 Ra2+
58.Kf3 Kf6 59.Ng2 Ke6 60.Nh4 Ra5 61.Ke3 Ra8 62.Kf3 Rf8 63.Ng2 Kd5 64.Ne3+ Kd4
65.Nc2+ Kd3 66.Ne1+ Kc3 67.Ng2 Kd4 68.Ne3 Rf7 69.Nc2+ Kd3 70.Ne1+ Kd2 71.Ng2 Ra7
72.Nh4 Ra5 73.Kf2 Kd3 74.Kf3 Kd4 75.Kg2 Ke4 76.Kh3 Ra2 77.Ng2 Ra6 78.Ne1 Ra1
79.Nc2 Rh1+ 80.Kg2 Rb1 81.Na3 Rb2+ 82.Kh3 Kd5 83.Kh4 h6  0-1

[Event "Reykjavik Open"]
[Site "Reykjavik ISL"]
[Date "2010.02.27"]
[Round "4"]
[White "Ptacnikova,L"]
[Black "Vaarala,E"]
[Result "1/2-1/2"]
[WhiteElo "2315"]
[BlackElo "2032"]

1.Nf3 d5 2.g3 c5 3.Bg2 Nc6 4.d4 Nf6 5.O-O cxd4 6.Nxd4 Bd7 7.c4 e5 8.Nxc6 Bxc6
9.cxd5 Bxd5 10.Qa4+ Qd7 11.Qxd7+ Kxd7 12.Rd1 Ke6 13.Bh3+ Ke7 14.Nc3 Bc6 15.b4 Rd8
16.Be3 Nd5 17.Nxd5+ Rxd5 18.Bxa7 Kf6 19.Rxd5 Bxd5 20.Rd1 Bxa2 21.Rd8 g6 22.Bc5 Kg7
23.Bxf8+ Rxf8 24.Rd7 Rb8 25.Bg2 b6 26.Rd6 Bc4 27.Kf1 Be6 28.Ke1 Kf6 29.Rc6 Ke7
30.h4 Bd7 31.Rc7 Kd6 32.Rc3 Rc8 33.Kd2 Rxc3 34.Kxc3 Bb5 35.e3 Ke6 36.Be4 f5
37.Bb7 h5 38.f4 Kd6 39.Bf3 Be8 40.Kd2 Bb5 41.e4 Bc6 42.Ke3 Bxe4 43.Bxe4 fxe4
44.Kxe4 exf4 45.Kxf4 Ke6 46.Kg5 Kf7 47.g4 hxg4 48.Kxg4 Ke6 49.Kg5 Kf7 50.b5 Kg7
51.Kf4 Kf6 52.Kg4 Ke6 53.Kg5 Kf7 54.Kg4 Ke6 55.Kf4 Kf6 56.Kg4 Ke6 57.Kg5 Kf7
58.Kf4 Kf6 59.Ke4 Ke6 60.Kf4 Kf6 61.Kg4 Ke6 62.Kg5  1/2-1/2

[Event "Reykjavik Open"]
[Site "Reykjavik ISL"]
[Date "2010.02.27"]
[Round "4"]
[White "Ehlvest,J"]
[Black "Ivanov,MM"]
[Result "1/2-1/2"]
[WhiteElo "2600"]
[BlackElo "2465"]

1.Nf3 d5 2.g3 Bg4 3.Bg2 Nd7 4.c4 e6 5.cxd5 exd5 6.O-O c6 7.d3 Ngf6 8.Nc3 Be7
9.h3 Bxf3 10.Bxf3 d4 11.Nb1 O-O 12.Nd2 Ne5 13.Bg2 Re8 14.a3 h5 15.Nc4 Ng6
16.Bd2 Nd5 17.f4 Bf6 18.Rc1 Qd7 19.Qe1 Nge7 20.Qf2 Nf5 21.Qf3 g6 22.Rf2 Re3
23.Bxe3 dxe3 24.Rff1 Nd4 25.Qe4 Nxe2+ 26.Kh2 h4 27.gxh4 Bxh4 28.Ne5 Qe6 29.Rc2 Ng3
30.Qf3 Nxf1+ 31.Qxf1 g5 32.Bxd5 cxd5 33.Qf3 Qf5 34.Rg2 Kf8 35.Rg4 Rc8 36.Qxe3 Rc2+
37.Kh1 f6 38.Nf3  1/2-1/2

[Event "Reykjavik Open"]
[Site "Reykjavik ISL"]
[Date "2010.02.27"]
[Round "4"]
[White "Grandelius,N"]
[Black "Thorsteinsson,T"]
[Result "1-0"]
[WhiteElo "2515"]
[BlackElo "2278"]

1.Nf3 d5 2.g3 g6 3.Bg2 Bg7 4.O-O e5 5.c4 Ne7 6.cxd5 Nxd5 7.Nc3 Nxc3 8.bxc3 O-O
9.d4 exd4 10.cxd4 c6 11.Bf4 Nd7 12.e4 Nb6 13.Qc2 Be6 14.a4 Rc8 15.a5 Nc4
16.Ng5 Qe7 17.Nxe6 Qxe6 18.e5 b5 19.axb6 axb6 20.Rfc1 b5 21.Ra6 Rfd8 22.Qe4 f5
23.exf6 Qxe4 24.Bxe4 Bxf6 25.Bxc6 Bxd4 26.Bxb5 Ne5 27.Rxc8 Rxc8 28.Be2 Rc2
29.Kf1 Nf3 30.h3 g5 31.Be3 Bxe3 32.fxe3 Nd2+ 33.Kf2 Ne4+ 34.Kf3 Nxg3 35.Bd1 Rc3
36.Kxg3 Rxe3+ 37.Bf3 Kg7 38.Kf2 Re7 39.Bh5 h6 40.Kg3 Rc7 41.Kg4 Rc4+ 42.Kf5 Rf4+
43.Ke5 Rb4 44.Ra7+ Kg8 45.Bg4 Rb5+ 46.Kf6 Rb6+ 47.Be6+ Kh8 48.Re7  1-0

[Event "Bundesliga 2009-10"]
[Site "Muelheim GER"]
[Date "2010.02.28"]
[Round "11"]
[White "Hausrath,D"]
[Black "Mueller,Matt1"]
[Result "1-0"]
[WhiteElo "2528"]
[BlackElo "2410"]

1.Nf3 d5 2.g3 Nf6 3.Bg2 Bf5 4.O-O e6 5.c4 c6 6.b3 Be7 7.Bb2 h6 8.d3 O-O 9.Nbd2 Nbd7
10.a3 a5 11.Qc2 Bh7 12.Bc3 b5 13.cxb5 cxb5 14.b4 Qc7 15.Qb2 Nb6 16.Be5 Qb7
17.Rfc1 Rfc8 18.Rxc8+ Qxc8 19.bxa5 Rxa5 20.Nb3 Na4 21.Qd2 Ra6 22.Nbd4 Nd7
23.Rc1 Qe8 24.Nxb5 Qf8 25.Rc7 Ndc5 26.d4 Ne4 27.Qc1 Ra8 28.Qc6 Bf6 29.Bd6 Nxd6
30.Nxd6 Bg6 31.Ne5 Bxe5 32.dxe5 Kh7 33.h4 h5 34.Rb7 Ra5 35.Rb4 Qa8 36.Qc7 Ra7
37.Qc1 Ra5 38.Bf3  1-0

[Event "48th XtraCon TCh-DEN 2009-10"]
[Site "Denmark DEN"]
[Date "2010.03.01"]
[Round "4"]
[White "Schandorff,L"]
[Black "Semcesen,D"]
[Result "1/2-1/2"]
[WhiteElo "2501"]
[BlackElo "2460"]

1.Nf3 d5 2.g3 Bg4 3.Bg2 Nd7 4.O-O c6 5.d3 Ngf6 6.c4 dxc4 7.dxc4 e5 8.Nc3 Be7
9.b3 O-O 10.h3 Bh5 11.Nh4 Re8 12.Qc2 Qc7 13.Bb2 a5 14.g4 Bg6 15.Nxg6 hxg6
16.Ne4 Nc5 17.Nxc5 Bxc5 18.Rad1 Rad8 19.e3 Nh7 20.Rxd8 Qxd8 21.Rd1 Qc7 22.Rd2 Nf8
23.Be4 Bb4 24.Rd1 Ne6 25.a3 Bf8 26.Bg2 Be7 27.Qc3 Bf6 28.Qc2 Be7 29.Rd2 Rd8
30.Rxd8+ Bxd8 31.b4 axb4 32.axb4 Bf6 33.Qd2 Qd8 34.Qxd8+ Nxd8 35.h4 Bxh4
36.Bxe5 Be7 37.b5 Kf8 38.Kf1 Bf6 39.Bd6+ Ke8 40.Ke2 Kd7 41.Bb4 Ne6 42.f4 g5
43.f5 Nc7 44.bxc6+ bxc6 45.Kd3 Ne8 46.Bf3 Nd6 47.Bc5 Nb7 48.Bd4 Kd6 49.Ba7 Nc5+
50.Bxc5+ Kxc5  1/2-1/2

[Event "48th XtraCon TCh-DEN 2009-10"]
[Site "Denmark DEN"]
[Date "2010.03.01"]
[Round "5"]
[White "Sorensen,B"]
[Black "Carstensen,J"]
[Result "1-0"]
[WhiteElo "2240"]
[BlackElo "2317"]

1.Nf3 d5 2.g3 Nc6 3.d4 Bg4 4.Bg2 Qd7 5.h3 Bf5 6.Nh4 Be6 7.c3 h6 8.Nd2 g5
9.Nhf3 Bg7 10.e4 f5 11.e5 Bf7 12.Nb3 e6 13.Nc5 Qc8 14.h4 g4 15.Ng1 Nge7 16.Ne2 O-O
17.Be3 Nb8 18.Qd2 Kh7 19.h5 Nd7 20.Nd3 c5 21.f3 gxf3 22.Bxf3 Nc6 23.g4 c4
24.Ndf4 Ndxe5 25.dxe5 Nxe5 26.Nd4 fxg4 27.Be2 Qe8 28.O-O-O Rg8 29.Rdg1 Bf8
30.Bd1 Rg5 31.Bc2+ Kg8 32.Ng6 Bxg6 33.hxg6 Rxg6 34.Bxh6 Nd3+ 35.Bxd3 cxd3
36.Rh4 g3 37.Rh3 Bd6 38.Bf4  1-0

[Event "48th XtraCon TCh-DEN 2009-10"]
[Site "Denmark DEN"]
[Date "2010.03.01"]
[Round "5"]
[White "Rasmussen,Kar"]
[Black "Antonsen,M"]
[Result "0-1"]
[WhiteElo "2429"]
[BlackElo "2439"]

1.g3 d5 2.Nf3 c6 3.Bg2 Bg4 4.O-O Nd7 5.d4 e6 6.Nbd2 Ngf6 7.Re1 Be7 8.e4 dxe4
9.Nxe4 Nxe4 10.Rxe4 Bf5 11.Re1 O-O 12.c3 h6 13.Qb3 Qc8 14.a4 a5 15.Nd2 Bd6
16.Nc4 Bc7 17.Bd2 Bh7 18.Qd1 Qd8 19.f4 Rb8 20.Qf3 Nf6 21.g4 Bc2 22.g5 Nd5
23.gxh6 gxh6 24.Ne5 Kh7 25.Kh1 Bf5 26.Bh3 Bxh3 27.Qxh3 Ne7 28.Rg1 Nf5 29.Qg2 Bxe5
30.fxe5 Rg8 31.Qe4 Qd7 32.Rxg8 Rxg8 33.Rg1 Rxg1+ 34.Kxg1 c5 35.Be3 Qxa4 36.Qxb7 Qd1+
37.Kf2 Qc2+ 38.Kf3 Kg7 39.dxc5 Qxh2 40.c6 Qg3+ 41.Ke2 Qxe3+ 42.Kd1 Qd3+ 43.Kc1 Ng3
44.b3 Ne2+ 45.Kb2 Qxc3+ 46.Ka2 Nc1+ 47.Kb1 Nd3  0-1

[Event "Reykjavik Open"]
[Site "Reykjavik ISL"]
[Date "2010.03.01"]
[Round "7"]
[White "Kuzubov,Y"]
[Black "Sokolov,Ivan"]
[Result "0-1"]
[WhiteElo "2634"]
[BlackElo "2649"]

1.Nf3 d5 2.g3 c6 3.Bg2 Bg4 4.b3 Nd7 5.Bb2 Ngf6 6.O-O e6 7.d3 a5 8.a3 Bd6
9.Nbd2 O-O 10.Qe1 e5 11.e4 Re8 12.h3 Bh5 13.Nh4 Qc7 14.Kh1 Bg6 15.Nxg6 hxg6
16.Qe2 Nc5 17.Rad1 Rad8 18.Rfe1 dxe4 19.dxe4 b5 20.Ra1 a4 21.b4 Ne6 22.c3 Qb6
23.Nf3 c5 24.Rad1 Bc7 25.Bc1 Qc6 26.Rxd8 Rxd8 27.Bf1 cxb4 28.cxb4 Nd4 29.Nxd4 Rxd4
30.Be3 Nxe4 31.Kg1 Rc4 32.Qf3 Rc3 33.Bxb5 Qxb5 34.Qxe4 f5 35.Qa8+ Kh7 36.Qf8 Qd5
37.Qe7 Bd8 38.Qe8 Rxa3 39.h4 f4 40.Bc5 Bxh4 41.Qxe5 Qxe5 42.Rxe5 fxg3 43.fxg3 Rxg3+
44.Kh2 Bf6 45.Re8 Rc3 46.Ra8 a3 47.Kg1 Rc1+ 48.Kf2 Rc2+ 49.Ke3 a2 50.Kd3 Rxc5  0-1

[Event "Reykjavik Open"]
[Site "Reykjavik ISL"]
[Date "2010.03.02"]
[Round "8"]
[White "Ehlvest,J"]
[Black "Thorhallsson,T"]
[Result "1-0"]
[WhiteElo "2600"]
[BlackElo "2426"]

1.Nf3 d5 2.g3 Bg4 3.Bg2 c6 4.d3 Nf6 5.Nbd2 e6 6.h3 Bh5 7.g4 Bg6 8.Nh4 Be7
9.e3 Nfd7 10.Nxg6 hxg6 11.Nf3 Na6 12.O-O e5 13.b3 O-O 14.Bb2 Bd6 15.c4 Nc7
16.Rc1 Qe7 17.Nd2 Ba3 18.Bxa3 Qxa3 19.cxd5 Nxd5 20.d4 N5b6 21.Ne4 Rad8 22.Rc2 Qe7
23.dxe5 Nxe5 24.Rd2 Nd5 25.g5 f5 26.gxf6 gxf6 27.Ng3 Nc7 28.Rxd8 Rxd8 29.Qc2 Kg7
30.Rd1 Rxd1+ 31.Qxd1 Qd7 32.Qc1 Nd5 33.Qc5 a6 34.Qd4 Ne7 35.Qxd7 Nxd7 36.Ne4 Nc8
37.b4 Ndb6 38.Nc5 Nd6 39.f4 f5 40.Kf2 Nbc4 41.Ke2 a5 42.bxa5 Nxa5 43.Kd3 Kf7
44.Kc3 Ke7 45.Bf1 b6 46.Na4 b5 47.Nc5 Nab7 48.Kb4 Nd8 49.Bg2 Nc4 50.e4 Ne3
51.Bf3 fxe4 52.Bxe4 Kf6 53.Nd7+ Ke6 54.Nf8+ Kf6 55.Nxg6 Ne6 56.h4 Nc4 57.h5 c5+
58.Kc3 Nd6 59.Bd3 b4+ 60.Kd2 c4 61.Bb1 c3+ 62.Kd3 Nb5 63.f5 Ng5 64.Ke3 Nd6
65.Nh4 Nc4+ 66.Ke2 Nd2 67.Bc2 Nde4 68.Ke3 Nd6 69.Bd3 Ngf7 70.Kd4 Kg5 71.Nf3+ Kf4
72.Ne1 Nxf5+ 73.Kc5 Ng7 74.Kxb4 Nh6 75.Bg6 Kg5 76.a4 Ne6 77.a5 Nc7 78.Kxc3 Ng8
79.Kc4 Ne7 80.Nf3+ Kf4 81.Nd4 Ke5 82.Bc2 Nc8 83.Nb5 Ne6 84.h6 Kf6 85.h7 Kg7
86.Bf5  1-0

[Event "Congress"]
[Site "Blackpool ENG"]
[Date "2010.03.03"]
[Round "3"]
[White "Chapman,T"]
[Black "Merriman,J"]
[Result "1/2-1/2"]
[WhiteElo "2232"]
[BlackElo "2259"]

1.Nf3 d5 2.g3 Nf6 3.Bg2 g6 4.b3 Bg7 5.Bb2 O-O 6.c4 c6 7.O-O Bg4 8.h3 Bxf3
9.Bxf3 Re8 10.d4 Nbd7 11.cxd5 cxd5 12.Nc3 Nf8 13.Qd2 Qd7 14.Bg2 b5 15.a4 b4
16.Na2 a5 17.Nc1 Rac8 18.Nd3 Ne4 19.Qe3 Ne6 20.Rac1 Qa7 21.Bxe4 dxe4 22.Qxe4 Bxd4
23.e3 Bxb2 24.Nxb2 Nc5 25.Qc2 Qd7 26.Kh2 Nxa4 27.Nc4 Nc3 28.Nb6 Qe6 29.Nxc8 Rxc8  1/2-1/2

[Event "48th XtraCon TCh-DEN 2009-10"]
[Site "Denmark DEN"]
[Date "2010.03.03"]
[Round "9"]
[White "Jorgensen,J"]
[Black "Pedersen,Stef"]
[Result "1/2-1/2"]
[WhiteElo "2315"]
[BlackElo "2428"]

1.Nf3 d5 2.g3 Bg4 3.Bg2 Nd7 4.d4 Ngf6 5.O-O e6 6.c4 c6 7.Qb3 Qb6 8.Nc3 Be7
9.Bf4 O-O 10.c5 Qa6 11.Rfe1 b6 12.cxb6 axb6 13.Ne5 Nxe5 14.Bxe5 b5 15.h3 Bh5
16.Bxf6 Bxf6 17.e3 b4 18.Bf1 Qa5 19.Ne2 Bxe2 20.Bxe2 c5 21.dxc5 Qxc5 22.Rec1 Qe7
23.Rc6 Rfb8  1/2-1/2

[Event "Reykjavik Open"]
[Site "Reykjavik ISL"]
[Date "2010.03.03"]
[Round "9"]
[White "Ivanov,MM"]
[Black "Player,E"]
[Result "1-0"]
[WhiteElo "2465"]
[BlackElo "2156"]

1.Nf3 d5 2.g3 c5 3.Bg2 Nc6 4.c4 d4 5.d3 e5 6.O-O Nge7 7.e3 Ng6 8.exd4 exd4
9.Re1+ Be7 10.h4 Bg4 11.Qa4 O-O 12.Nbd2 Re8 13.a3 Bf8 14.Rxe8 Qxe8 15.b4 cxb4
16.axb4 Bxb4 17.Nh2 Nge5 18.Nxg4 Nxg4 19.Be4 f5 20.Bd5+ Kh8 21.Qd1 a5 22.Ra2 Bd6
23.Nf3 Qd7 24.Re2 Nge5 25.Nxe5 Nxe5 26.Bf4 Nc6 27.Be6 Qc7 28.Bxd6 Qxd6 29.Bxf5 Qf6
30.Be4 a4 31.Rd2 a3 32.Qb3 Qe7 33.c5 Qxc5 34.Qxb7 Qc1+ 35.Kg2 Qb1 36.Qxb1  1-0

[Event "Reykjavik Open"]
[Site "Reykjavik ISL"]
[Date "2010.03.03"]
[Round "9"]
[White "Thompson,I"]
[Black "Johannsson,O"]
[Result "1-0"]
[WhiteElo "2266"]
[BlackElo "1710"]

1.Nf3 d5 2.g3 Nf6 3.Bg2 e6 4.b3 Nbd7 5.Bb2 Bd6 6.c4 c6 7.d4 O-O 8.O-O Re8
9.Nc3 b6 10.Re1 Bb7 11.Rc1 Rc8 12.Nh4 Bb8 13.e4 dxe4 14.Nxe4 Nxe4 15.Bxe4 Nf6
16.Bg2 Qd7 17.Qf3 Re7 18.Qe3 c5 19.Nf5 exf5 20.Qxe7 Qxe7 21.Rxe7 Bxg2 22.Kxg2 Ne4
23.dxc5 Nxc5 24.Rd1 Kf8 25.Ree1 Ne4 26.f3 Ng5 27.Ba3+ Kg8 28.Re7 h6 29.Rdd7 Rf8
30.h4 Nh7 31.Bb2 Nf6 32.Bxf6 gxf6 33.f4  1-0

[Event "Gotth' Art Cup GM"]
[Site "Szentgotthard HUN"]
[Date "2010.03.03"]
[Round "9"]
[White "Vajda,Le"]
[Black "Neubauer,M"]
[Result "1-0"]
[WhiteElo "2519"]
[BlackElo "2465"]

1.Nf3 d5 2.g3 c6 3.Bg2 Bg4 4.O-O Nd7 5.d3 Ngf6 6.h3 Bh5 7.Nbd2 e5 8.e4 dxe4
9.dxe4 Bc5 10.Qe2 O-O 11.Rd1 Qc7 12.a4 a5 13.b3 Rfe8 14.Bb2 Nf8 15.Nc4 N6d7
16.Ne3 Rad8 17.Nf5 f6 18.Qc4+ Bf7 19.Qd3 Nb6 20.Qc3 Bb4 21.Qe3 Ne6 22.Ne1 Bc5
23.Qe2 Nd4 24.Nxd4 Bxd4 25.Bxd4 exd4 26.Qd2 Nc8 27.Nd3 c5 28.Re1 b6 29.g4 h6
30.f4 c4 31.bxc4 Nd6 32.Nb2 Nxc4 33.Nxc4 Qxc4 34.Bf1 Qc5 35.Bd3 Bc4 36.Rab1 Rd6
37.Qe2 Rc8 38.e5 fxe5 39.fxe5 Re6 40.Qe4 Bxd3 41.cxd3 Qe7 42.Qxd4 Rc5 43.Kg2 Rexe5
44.Rxe5 Rxe5 45.Rxb6 Re2+ 46.Kf3 Re1 47.Qd5+ Kh8 48.Rb8+ Kh7 49.Qg8+ Kg6
50.Rb6+ Kg5 51.Qd5+ Re5 52.Kg3 Rxd5 53.h4+  1-0